La poseída / (Registro nro. 3079)
[ vista simple ]
| 000 -LEADER | |
|---|---|
| fixed length control field | 01067nam a2200205 4500 |
| 008 - CAMPO DE CONTROL (LIBRO) | |
| fixed length control field | 200303s2000 es ||||er|||| 001 0 spa d |
| 020 ## - INTERNATIONAL STANDARD BOOK NUMBER | |
| ISBN | 849630485 |
| 041 ## - CODIGO DE IDIOMA | |
| Código de idioma del texto/pista de sonido o título separado | spa |
| 092 ## - SIGNATURA TOPOGRAFICA DEWEY LOCAL | |
| número de clasificación | 808 |
| libristica | 54 |
| sección | MUN |
| 100 1# - ENTRADA PRINCIPAL--NOMBRE PERSONAL | |
| Nombre personal | Muñoz Molina, Antonio. |
| 9 (RLIN) | 4120 |
| 245 3# - TITULO PROPIAMENTE DICHO | |
| Título | La poseída / |
| Mención de responsabilidad y remanente de la transcripción de la portada | Antonio Muñoz Molina. |
| 250 ## - MENCION DE EDICION | |
| Mención de edición | 1a ed. |
| 260 ## - PIE DE IMPRENTA | |
| Lugar de publicación, distribución, etc | Madrid: |
| Nombre de la editorial, distribuidor, etc | H. Kliczkowski; |
| Fecha de publicación | 2000. |
| 300 ## - DESCRIPCION FISICA | |
| Extension | 64 p. |
| 500 ## - NOTA GENERAL | |
| Nota general | Muñoz Molina, A. (2000). La poseída. (1a ed.). Madrid : Kliczkowski. |
| 505 ## - NOTA DE CONTENIDO | |
| Nota de contenido formateada | Recuerdos de la infancia, ponerse en el lugar del "otro", una fotografía antigua de angustiosa actualidad, y el amor como eje conductor de sus cuentos y relatos, esto es lo que nos presenta Antonio Muñoz Molina con su escritura vigorosa, reflexiva e innovadora. La poseída ofrece una selección de los artículos y relatos del autor que mejor plasman su capacidad para despertar nuestros sentidos ante la feroz rutina que amenaza con adormecerlos. |
| 590 ## - NOTAS LOCALES (RLIN) | |
| Nota local | Proyecto 4to libro. Donación Otero Moreno, Camilo. Marzo 2020. |
| 655 ## - MATERIA - GENERO/FORMA | |
| Género/Forma | Literatura |
| -- | 2917 |
| 942 ## - ADDED ENTRY ELEMENTS (KOHA) | |
| Source of classification or shelving scheme | Dewey Decimal Classification |
| Item type | LITERATURA |
| Estado de retiro | Existencia | Fuente de clasificación | Estado general | No para prestamo | Ubicación permanente | ubicación actual | Sala de ubicación | Fecha de adquisición | Fuente de adquisición | Total Checkouts | Número de clasificación | Código de barras | Date last seen | Número de ejemplar | Price effective from | Koha tipo de elemento (item) | Public note |
|---|---|---|---|---|---|---|---|---|---|---|---|---|---|---|---|---|---|
| Dewey Decimal Classification | Biblioteca Medicina | Biblioteca Medicina | Circulación | 03/03/2020 | Donación Otero Moreno, Camilo. Marzo 2020 | 808 54 MUN | 4625 | 03/03/2020 | Ej. 1 | 03/03/2020 | LITERATURA | Donación Otero Moreno, Camilo. Marzo 2020 |